Skúmanie regionálnych disparít Slovenskej republiky z hľadiska vybraných indikátorov diplomová práca

Salvato in:
Dettagli Bibliografici
Autore principale: Miškanin, Dávid
Ente Autore: Podnikovohospodárska fakulta EU so sídlom v Košiciach. Katedra ekonómie
Altri autori: Kropková, Zlata
Natura: Libro
Lingua:slovacco
Pubblicazione: Košice 2010
Tags: Aggiungi Tag
Nessun Tag, puoi essere il primo ad aggiungerne!!

MARC

LEADER 00000nam$a2200000$$$4500
001 0123523
005 20240827092958.9
041 0 |a slo 
044 |a SK 
245 1 0 |a Skúmanie regionálnych disparít Slovenskej republiky z hľadiska vybraných indikátorov  |b diplomová práca  |c Dávid Miškanin ; škol. Zlata Kropková 
264 1 |a Košice  |c 2010 
300 |a 53 s. 
100 1 |a Miškanin, Dávid 
700 1 |a Kropková, Zlata 
710 2 |a Podnikovohospodárska fakulta EU so sídlom v Košiciach. Katedra ekonómie